<?xml version="1.0" encoding="UTF-8"?>
<record
    xmlns:xsi="http://www.w3.org/2001/XMLSchema-instance"
    xsi:schemaLocation="http://www.loc.gov/MARC21/slim http://www.loc.gov/standards/marcxml/schema/MARC21slim.xsd"
    xmlns="http://www.loc.gov/MARC21/slim">

  <leader>01042nam a2200205 i 4500</leader>
  <controlfield tag="001">bg</controlfield>
  <datafield tag="245" ind1=" " ind2=" ">
    <subfield code="a">Ekspolatatorzy dla eksploatator&#xF3;w :</subfield>
    <subfield code="b">VI Og&#xF3;lnopolskie Forum Wymiany Do&#x15B;wiadcze&#x144; w Dziedzinie Eksploatacji Oczyszczalni &#x15A;ciek&#xF3;w : 14-16 maj 2007 r., Wroc&#x142;aw /</subfield>
    <subfield code="c">[organizator Stowarzyszenie Eksploatator&#xF3;w Obiekt&#xF3;w Gospodarki Wodno-&#x15A;ciekowej].</subfield>
  </datafield>
  <datafield tag="260" ind1=" " ind2=" ">
    <subfield code="a">Wroc&#x142;aw :</subfield>
    <subfield code="b">Stowarzyszenie Eksploatator&#xF3;w Obiekt&#xF3;w Gospodarki Wodno-&#x15A;ciekowej,</subfield>
    <subfield code="c">2007.</subfield>
  </datafield>
  <datafield tag="300" ind1=" " ind2=" ">
    <subfield code="a">Skoroszyt ;</subfield>
    <subfield code="c">29 cm.</subfield>
  </datafield>
  <datafield tag="650" ind1=" " ind2="9">
    <subfield code="a">Oczyszczalnia &#x15B;ciek&#xF3;w</subfield>
    <subfield code="x">eksploatacja</subfield>
  </datafield>
  <datafield tag="710" ind1=" " ind2=" ">
    <subfield code="a">Stowarzyszenie Eksploatator&#xF3;w Gospodarki Wodno-&#x15A;ciekowej</subfield>
  </datafield>
  <datafield tag="711" ind1=" " ind2=" ">
    <subfield code="a">Og&#xF3;lnopolskie Forum Wymiany Do&#x15B;wiadcze&#x144; w Dziedzinie Eksploatacji Oczyszczalni &#x15A;ciek&#xF3;w</subfield>
    <subfield code="n">(6 ;</subfield>
    <subfield code="d">14-16 maj 2007 ;</subfield>
    <subfield code="c">Wroc&#x142;aw).</subfield>
  </datafield>
  <datafield tag="040" ind1=" " ind2=" ">
    <subfield code="c">BPK</subfield>
  </datafield>
  <datafield tag="041" ind1="1" ind2=" ">
    <subfield code="a">pol</subfield>
  </datafield>
  <datafield tag="044" ind1=" " ind2=" ">
    <subfield code="a">pol</subfield>
  </datafield>
  <datafield tag="080" ind1=" " ind2=" ">
    <subfield code="a">628.32(061)</subfield>
  </datafield>
  <datafield tag="942" ind1=" " ind2=" ">
    <subfield code="c">KA</subfield>
  </datafield>
  <controlfield tag="008">      s        pl     f     |000 0 pol  </controlfield>
  <datafield tag="999" ind1=" " ind2=" ">
    <subfield code="c">49135</subfield>
    <subfield code="d">49135</subfield>
  </datafield>
  <datafield tag="856" ind1=" " ind2=" ">
    <subfield code="u">http://koha.tu.koszalin.pl/cgi-bin/koha/opac-detail.pl?biblionumber=49135</subfield>
    <subfield code="y">Katalog online BPK</subfield>
  </datafield>
  <datafield tag="952" ind1=" " ind2=" ">
    <subfield code="0">0</subfield>
    <subfield code="1">0</subfield>
    <subfield code="4">0</subfield>
    <subfield code="7">0</subfield>
    <subfield code="a">BPK</subfield>
    <subfield code="b">BPK</subfield>
    <subfield code="c">w</subfield>
    <subfield code="o">KC 3515</subfield>
    <subfield code="p">02204345</subfield>
    <subfield code="y">KA</subfield>
  </datafield>
</record>
